LEADER 00544nam a2200157 i 4500 001 000000058475 003 CaOOAMICUS 005 19971125000000.0 008 971125n gw u000 u mul u 013 $a29647 040 $aSeMil$bita 245 10$aCann. 204-459. 773 0 $tMünsterischer Kommentar zum Codex Iuris Canonici.$dEssen : Ludgerus, 1986-$x0932-8327$gBand2$w()7036 850 $aSeMil 852 $aSeMil$W1$xVenegono$y1$mSL1.N VIII 22$j258216$B24628$CSeMilBibl$Z2$F24631 $8I 996 $6245$aCann. 204-459$9(OLS)http://semarc/title/91163 LEADER 01519nam a2200325 i 4500 001 000000147826 003 CaOOAMICUS 005 20060214000000.0 008 060214s1996 it u000 u fre u 013 $a125127 020 $a2-204-05428-3 040 $aSeMil$bita 100 1 $aLeduc-Fayette, Denise.$0(OLS)http://semarc/name/58591 245 10$aPascal et le mystère du mal :$bla clef de Job /$cDenise Leduc-Fayette ; Présentation par Xavier Tilliette , s. j. 260 $aParis :$bLes Éditions du Cerf,$ccopyr. 1996. 300 $aV, 396 p. ;$c22 cm. 490 0 $aCogitatio Fidei [Cerf]v198 500 $aContiene : Bibliographie. 600 14$aPascal, Blaise <1623-1662>.$0(OLS)http://semarc/subject/3508 650 4$aMale - Filosofia.$0(OLS)http://semarc/subject/5386 650 4$aBibbia. Antico Testamento. Giobbe - Analisi narrativa e linguistica.$0(OLS)http://semarc/subject/35379 650 4$aMale - Teologia.$0(OLS)http://semarc/subject/9198 700 1 $aTilliette, Xavier,$c.$0(OLS)http://semarc/name/90060 830 0$aCogitatio Fidei ;$v198.$0(OLS)http://semarc/title/206 850 $aSeMil 852 $aSeMil$W1$xVenegono$y1$m2BA N 198$j100362$B100362$CSeMilBibl$Z2$F109011 $81 961 $aAcquisto: SODIS 996 $6020$a2-204-05428-3$9(OLS)http://semarc/number/136646 996 $6245$aPascal et le mystère du mal :$bla clef de Job$9(OLS)http://semarc/title/216162 996 $6260$aParis :$bLes Éditions du Cerf$9(OLS)http://semarc/publisher/29611